00401nam a2200145Ia 4500008004100000020001800041041000800059082001500067100003100082245005000113250000600163260003700169300001200206650003700218210716s2010 xx 000 0 und d a9789380156606 aeng a332.1 GUPN aGupta, N K;Chopra, Monika. aFinancial markets, Institutions and services. a1 aNew DelhibAne Books Indiac2010 axvi,360 aFinancial Institutions & Markets